00989 a2200217 4500003000500000005001700005040000900022082001000031100003800041245012000079260003100199300001700230505023600247538002900483650001400512651001100526942000800537999001900545952010400564952010300668Nust20170207153208.0 cNust a005.1 aAbbassi, Shahid Hussain (MSCS-8) aStudy of resilient packet ring technology and implementing it’s MAC Layer into softwarecShahid Hussain Abbassi  bMCS,NUSTc2007aRawalpindi aviii,81, p.; aIntroduction (page-1) Existing metro technologyies and RPR (page-8) Transmit and receive of packets (page-39) Topology discovery and fairness (page-47) Top level implementation (page-67) Conclusion and future enhancements (page-77) aAlmirah No 73 Shelf No 2 aPG Thesis aMSCS-8 cTHS c181279d181279 00102ddc40708NFICaMCSbMCSd2016-12-12l0o005.1 ABBpMCSTCS-143r2016-12-08w2016-12-12yBK 00102ddc40708NFICaMCSbMCSd2016-12-12l0o005.1 ABBpMCSTCS-72r2016-12-08w2016-12-12yBK